Music Quiz

Random Music or Kpop Quiz

Guess the Male KPOP Idol Quiz Stats

 Plays Quiz not verified by Sporcle

Score 0/50 Timer 10:00
0 Plays Today
% Correct
Chen
92.7%
Taemin
84.7%
Seungri
84.5%
J-Hope
79.2%
Joshua
77.7%
N
77.7%
Kris
77.3%
Junior
76.7%
Kyuhyun
74.8%
Jooheon
73.9%
Lay
73.9%
Onew
69.8%
Leo
69.8%
Jeonghan
69.8%
Baekhyun
65.1%
Eric Nam
64.7%
Moonbin
62%
Kyung
59.1%
Kevin
58.9%
Wonho
58.4%
B.I
57.6%
Changmin
56.4%
Yongguk
56.4%
Sungyeol
54.7%
CNU
51.8%
% Correct
Gikwang
51.3%
Wooyoung
51.3%
Chunji
46.5%
Seungyoon
44.5%
Changsub
43.6%
Jinwoo
42.6%
Ten
41.9%
Donghyuk
37.6%
Sunyoul
37.5%
Jenissi
35.1%
Wonpil
31%
Jeongmin
28.1%
Youjin
27.9%
Kyungil
24.2%
Moos
23.3%
James
16.5%
Jaejin
15.8%
Jaehyun
15.5%
Wenhan
14.5%
Simba
11.8%
Iota
9.4%
Jeup
9.2%
Seyoung
7.7%
Hyunkyung
6.1%
Choi
4.4%

You're not logged in!

Compare scores with friends on all Sporcle quizzes.
OR
Log In

Sporcle TV

Today on Sporcle TV


Watch our educational content, quiz creation guides, and fun videos on Sporcle TV.

Show Comments

Extras

Created Jul 24, 2016ReportNominate
Tags:Kpop Quiz, Kpop Quiz

Top Quizzes Today


Score Distribution

Your Account Isn't Verified!

In order to create a playlist on Sporcle, you need to verify the email address you used during registration. Go to your Sporcle Settings to finish the process.

Report this User

Report this user for behavior that violates our Community Guidelines.

Details: